[Event "CP-2010-Q-00007"]
[Site "LSS email"]
[Date "2012.01.15"]
[Round "?"]
[White "Kudryavtsev, Yaroslav Viktorovic"]
[Black "Olivas Montiel, Carlos Fernando"]
[Result "0-1"]
[WhiteElo "2040"]
[BlackElo "2046"]
[PlyCount "66"]
[EventDate "2012.01.20"]
[EventType "tourn (corr)"]
[EventRounds "6"]
[EventCountry "GER"]
[SourceTitle "Telechess CBM 159"]
[Source "ChessBase"]
[SourceDate "2014.03.17"]
[SourceVersion "1"]
[SourceVersionDate "2014.03.17"]
[SourceQuality "1"]

1. e4 e6 2. d4 d5 3. Nc3 Nf6 4. Bg5 Be7 5. e5 Nfd7 6. h4 0-0 7. Bd3 c5 8. Nh3 Re8 9. dxc5 Nc6 10. Bxe7 Qxe7 11. Nb5 Rd8 12. Nd6 Ncxe5 13. Bxh7+ Kxh7 14. Ng5+ Kg8 15. f4 Nc4 16. Ndxf7 Nf6 17. Nxd8 Qxd8 18. Qd4 Qa5+ 19. Kf2 b6 20. cxb6 Nd6 21. b4 Qa6 22. bxa7 Bd7 23. Rhe1 Nf5 24. Qc5 Rc8 25. Qa5 Qc4 26. Qb6 Qxf4+ 27. Kg1 Ng4 28. Nf3 Qg3 29. Re2 Nxh4 30. Rf1 Nxf3+ 31. Rxf3 Qh2+ 32. Kf1 Qh1+ 33. Qg1 Qh6 0-1

[Event "LSS No Engine Cup 45 Final"]
[Site "LSS email"]
[Date "2011.12.29"]
[Round "?"]
[White "Draba, Henryk"]
[Black "Kudryavtsev, Yaroslav Viktorovic"]
[Result "1/2-1/2"]
[WhiteElo "1646"]
[BlackElo "2042"]
[PlyCount "132"]
[EventDate "2011.12.30"]
[EventType "tourn (corr)"]
[EventRounds "6"]
[EventCountry "GER"]
[SourceTitle "Telechess CBM 153"]
[Source "ChessBase"]
[SourceDate "2013.03.14"]
[SourceVersion "1"]
[SourceVersionDate "2013.03.14"]
[SourceQuality "1"]

1. d4 Nf6 2. c4 g6 3. Nc3 d5 4. cxd5 Nxd5 5. e4 Nxc3 6. bxc3 c5 7. Nf3 Bg7 8. Be2 0-0 9. Rb1 b6 10. 0-0 Qc7 11. Be3 Bb7 12. Qd3 Nd7 13. d5 e6 14. c4 Rfe8 15. Rfe1 Nf6 16. Nd2 exd5 17. cxd5 c4 18. Qxc4 Qxc4 19. Bxc4 Nxe4 20. Nxe4 Rxe4 21. Bb3 Bc3 22. Red1 Rd8 23. Bc2 Rb4 24. Rxb4 Bxb4 25. Bb3 Bd6 26. g3 Kg7 27. Kg2 f6 28. Kf3 g5 29. h4 h6 30. h5 Re8 31. Ba4 Re5 32. Bc6 Ba6 33. Rd2 Bc8 34. Rd4 Bf5 35. Ra4 Re7 36. Bb5 Bb1 37. Ke2 Be4 38. Rd4 f5 39. a4 f4 40. gxf4 gxf4 41. Bc1 Kf6 42. f3 Bxd5+ 43. Kd3 Ke6 44. Ba6 Rc7 45. Bxf4 Bxf4 46. Rxf4 Ke5 47. Rf8 Rf7 48. Re8+ Kf4 49. Bc4 Bxc4+ 50. Kxc4 Rf5 51. Re7 Ra5 52. Kb4 Kg5 53. Rg7+ Kxh5 54. f4 Kh4 55. f5 Rxf5 56. Rxa7 Rf6 57. Kc3 h5 58. Kd2 Kg3 59. a5 b5 60. a6 h4 61. Rg7+ Kf2 62. a7 Ra6 63. Rf7+ Kg2 64. Rg7+ Kf3 65. Rf7+ Ke4 66. Rh7 Kd5 1/2-1/2

[Event "LSS No Engine Cup 45 Final"]
[Site "LSS email"]
[Date "2011.12.29"]
[Round "?"]
[White "Kudryavtsev, Yaroslav Viktorovic"]
[Black "Alvarez Castillo, Hector Adrian"]
[Result "1-0"]
[WhiteElo "2042"]
[BlackElo "1919"]
[PlyCount "67"]
[EventDate "2011.12.30"]
[EventType "tourn (corr)"]
[EventRounds "6"]
[EventCountry "GER"]
[SourceTitle "Telechess CBM 153"]
[Source "ChessBase"]
[SourceDate "2013.03.14"]
[SourceVersion "1"]
[SourceVersionDate "2013.03.14"]
[SourceQuality "1"]

1. e4 Nf6 2. e5 Nd5 3. d4 d6 4. Nf3 Bg4 5. Be2 e6 6. h3 Bh5 7. c4 Nb6 8. exd6 cxd6 9. Nc3 Be7 10. d5 e5 11. c5 dxc5 12. Bb5+ Kf8 13. g4 Bg6 14. Nxe5 a6 15. Be2 Bd6 16. Nxg6+ hxg6 17. Be3 N8d7 18. Qd2 Ne5 19. b3 Rc8 20. Kf1 Kg8 21. Kg2 Ned7 22. Ne4 Qe7 23. Nxd6 Qxd6 24. Bf3 Ne5 25. Be4 Kh7 26. Bf4 Rhe8 27. Rae1 c4 28. Qd4 Kg8 29. Re3 f6 30. Bg3 g5 31. h4 Red8 32. hxg5 Nxd5 33. gxf6 Nxe3+ 34. Qxe3 1-0